00486nmm a2200169Ia 4500008004100000020001800041041000800059100002000067245003400087264007700121300001600198490001400214650001200228856005200240942000700292999001700299251105s9999||||xx |||||||||||||||||und|| a9788417717445 aspa aHurtado, Rafael 0aLas espinas de la rosa blanca a[Madrid, España] :bLantia, c[Fecha de publicación no identificada] a0 páginas aCaligrama aRomance uhttps://public.digitaliapublishing.com/a/120696 cCF c79054d79054